| 000 | 00746cam a2200229 a 4500 | ||
|---|---|---|---|
| 001 | 000018004 | ||
| 005 | 20200929165319.0 | ||
| 008 | 840716s1971 ho 000 p spa d | ||
| 040 |
_aDO-SdBNP _bspa _cLC _dBNPHU |
||
| 082 |
_aHo861.44 _bA185e |
||
| 100 | 1 |
_aAcosta, Oscar. _d1933- _916763 |
|
| 245 | 1 | 0 |
_aExaltación de Honduras : _bantología / _cOscar Acosta y Pompeyo del Valle. |
| 260 |
_aHonduras : _bNuevo Continente, _c1971. |
||
| 300 |
_a333 p. ; _c23 cm. |
||
| 490 | 1 | _aEl Pino Jubiloso | |
| 650 | 4 |
_aPoesía hondureña _xColecciones _939035 |
|
| 650 | 4 |
_aLiteraruta hondureña _ySIGLO XX _939036 |
|
| 700 | 1 |
_aValle, Pompeyo del. _939037 |
|
| 830 | 0 |
_aEl Pino Jubiloso _939038 |
|
| 910 | _aCatalogación por copia / LC | ||
| 049 | _aBNGR | ||
| 999 |
_c17526 _d17526 |
||